All Indian ODI Cricketers - Statistics

General Stats
  • This quiz has been taken 2,013 times
  • The average score is 113 of 231
Answer Stats
Debut Year Indian Cricketer % Correct
2007 Rohit Sharma
94%
2008 Virat Kohli
92%
1989 Sachin Tendulkar
90%
2000 Yuvraj Singh
89%
1998 Harbhajan Singh
88%
2004 M.S. Dhoni
88%
1978 Kapil Dev
87%
2007 Ishant Sharma
84%
1974 Sunil Gavaskar
83%
2013 Mohit Sharma
82%
2009 Ravindra Jadeja
82%
1983 Chetan Sharma
81%
2004 Joginder Sharma
81%
2014 Karn Sharma
81%
2011 Rahul Sharma
81%
1989 Robin Singh
81%
1986 | 2005 R. P. Singh
81%
1978 Yashpal Sharma
81%
1988 Ajay Sharma
80%
1994 Bhupinder Singh
80%
1985 Gopal Sharma
80%
2016 Gurkeerat Singh
80%
1990 Gursharan Singh
80%
1997 Harvinder Singh
80%
1983 Maninder Singh
80%
2010 Pankaj Singh
80%
1976 Parthasarathy Sharma
80%
1981 Randhir Singh
80%
1988 Sanjeev Sharma
80%
2002 Sarandeep Singh
80%
2006 V. R. V. Singh
80%
1980 Yograj Singh
80%
1992 Ajay Jadeja
79%
1996 Rahul Dravid
78%
2017 Kuldeep Yadav
77%
1992 Sourav Ganguly
77%
2016 Jasprit Bumrah
76%
2016 KL Rahul
76%
2000 Zaheer Khan
76%
2006 Munaf Patel
75%
2010 Umesh Yadav
75%
1999 Virender Sehwag
75%
2014 Axar Patel
74%
2016 Hardik Pandya
74%
2004 Rohan Gavaskar
73%
2012 Bhuvneshwar Kumar
72%
2016 Jayant Yadav
72%
2013 Mohammed Shami
72%
2003 Parthiv Patel
72%
1974 Brijesh Patel
71%
2002 Jai Yadav
71%
1986 Shivlal Yadav
71%
1992 Vijay Yadav
71%
1984 Ashok Patel
70%
1988 Rashid Patel
70%
2010 Ravichandran Ashwin
70%
1990 Anil Kumble
69%
2007 Praveen Kumar
69%
2010 Vinay Kumar
69%
2019 Shubman Gill
68%
2003 Gautam Gambhir
67%
2010 Shikhar Dhawan
67%
2018 Rishabh Pant
66%
2005 Suresh Raina
66%
1998 V. V. S. Laxman
66%
2004 Irfan Pathan
64%
2019 Mohammed Siraj
64%
2008 Yusuf Pathan
64%
2016 Yuzvendra Chahal
64%
2016 Rishi Dhawan
62%
2017 Shreyas Iyer
62%
2004 Dinesh Karthik
60%
1980 Roger Binny
60%
1981 Ravi Shastri
59%
1975 Mohinder Amarnath
58%
2014 Stuart Binny
58%
2001 Ashish Nehra
56%
1991 Javagal Srinath
56%
1985 Mohammad Azharuddin
56%
1981 Krishnamachari Srikkanth
55%
2020 Prithvi Shaw
55%
1978 Surinder Amarnath
55%
2011 Ajinkya Rahane
54%
1974 Bishan Singh Bedi
53%
2015 Manish Pandey
53%
2013 Cheteshwar Pujara
52%
1974 Madan Lal
52%
2005 S. Sreesanth
52%
1998 Ajit Agarkar
50%
2001 Dinesh Mongia
50%
2002 Mohammad Kaif
50%
1994 Venkatesh Prasad
50%
1991 Vinod Kambli
50%
1982 Arun Lal
49%
1999 Gyanendra Pandey
49%
2020 Mayank Agarwal
49%
1987 Navjot Singh Sidhu
49%
1994 Nayan Mongia
49%
1998 M. S. K. Prasad
48%
1976 Syed Kirmani
48%
1976 Dilip Vengsarkar
47%
2014 Kedar Jadhav
47%
2010 Murali Vijay
47%
2019 Vijay Shankar
47%
2013 Ambati Rayudu
46%
1980 Sandeep Patil
46%
2003 Amit Mishra
45%
2006 Robin Uthappa
45%
2017 Washington Sundar
45%
2018 Deepak Chahar
44%
1974 Farokh Engineer
44%
2007 Piyush Chawla
44%
2017 Shardul Thakur
44%
2016 Karun Nair
43%
1974 Syed Abid Ali
43%
2010 Wriddhiman Saha
43%
2002 Murali Kartik
42%
1998 Nikhil Chopra
42%
2018 Khaleel Ahmed
41%
2001 Shiv Sunder Das
41%
2010 Naman Ojha
40%
2008 Pragyan Ojha
40%
1988 Sanjay Manjrekar
40%
1982 Balwinder Sandhu
39%
1997 Debashish Mohanty
39%
1999 Sadagoppan Ramesh
39%
2019 Shivam Dube
39%
2008 Manoj Tiwary
38%
2019 Navdeep Saini
38%
2010 Saurabh Tiwary
38%
1976 Sudhakar Rao
38%
1996 Sunil Joshi
38%
2005 Yalaka Venugopal Rao
38%
1978 Chetan Chauhan
37%
2014 Dhawal Kulkarni
37%
1974 Gundappa Viswanath
37%
1984 Kiran More
37%
1980 Kirti Azad
37%
2002 Lakshmipathy Balaji
37%
1997 Nilesh Kulkarni
37%
1993 Rajesh Chauhan
37%
1985 Sadanand Viswanath
37%
2010 Ashok Dinda
36%
1983 Raju Kulkarni
36%
1990 Venkatapathy Raju
36%
1974 Ajit Wadekar
35%
2001 Deep Dasgupta
35%
1984 Manoj Prabhakar
35%
1974 Srinivasaraghavan Venkataraghavan
35%
2004 Ramesh Powar
34%
2000 Reetinder Singh Sodhi
34%
2002 Ajay Ratra
33%
1974 Ashok Mankad
33%
1980 Dilip Doshi
33%
2000 Hemang Badani
33%
1997 Hrishikesh Kanitkar
33%
2008 Subramaniam Badrinath
33%
1995 Aashish Kapoor
32%
1997 Abey Kuruvilla
32%
2013 Jaydev Unadkat
32%
1999 Laxmi Ratan Shukla
32%
1988 Narendra Hirwani
32%
2002 Sanjay Bangar
32%
2011 Varun Aaron
32%
1975 Anshuman Gaekwad
31%
2016 Barinder Sran
31%
1986 Chandrakant Pandit
31%
1974 Eknath Solkar
31%
1985 Laxman Sivaramakrishnan
31%
2008 Manpreet Gony
31%
2014 Parvez Rasool
31%
1984 Rajinder Ghai
31%
1997 Saba Karim
31%
1989 Salil Ankola
31%
2018 Siddarth Kaul
31%
1999 Vijay Bharadwaj
31%
2006 Wasim Jaffer
31%
1988 Woorkeri Raman
31%
1986 Bharat Arun
30%
1997 Noel David
30%
1986 Raman Lamba
30%
1991 Subroto Banerjee
30%
1982 Ashok Malhotra
29%
1990 Atul Wassan
29%
1978 Bharath Reddy
29%
1976 B. S. Chandrasekhar
29%
1999 Devang Gandhi
29%
2016 Faiz Fazal
29%
2000 Sameer Dighe
29%
2009 Sudeep Tyagi
29%
1974 Sudhir Naik
29%
2002 Tinu Yohannan
29%
1988 V. B. Chandrasekhar
29%
2000 Vijay Dahiya
29%
1997 Dodda Ganesh
28%
1974 Gopal Bose
28%
1975 Karsan Ghavri
28%
1991 Pravin Amre
28%
1979 Surinder Khanna
28%
1995 Utpal Chatterjee
28%
2003 Aavishkar Salvi
27%
2009 Abhishek Nayar
27%
1999 Amay Khurasiya
27%
1987 Arshad Ayub
27%
1998 Gagan Khoda
27%
1985 Lalchand Rajput
27%
1997 Sairaj Bahutule
27%
2000 Sridharan Sriram
27%
1996 Vikram Rathour
27%
2010 Abhimanyu Mithun
26%
1981 Suru Nayak
26%
1999 Thirunavukkarasu Kumaran
26%
2003 Abhijit Kale
25%
1999 Jacob Martin
25%
1998 Jatin Paranjpe
25%
1998 Rahul Sanghvi
25%
1990 Saradindu Mukherjee
25%
1989 Vivek Razdan
25%
2000 Amit Bhandari
24%
1998 Sanjay Raul
24%
1980 T. E. Srinivasan
24%
1994 Atul Bedade
23%
1996 Paras Mhambrey
23%
1976 Pochiah Krishnamurthy
23%
1988 M. Venkataramana
22%
1995 Prashant Vaidya
22%
1983 T. A. Sekhar
22%
1982 Ghulam Parkar
21%
1996 Sujith Somasunder
21%
1996 Pankaj Dharmani
19%
No matching quizzes found
Score Distribution
Percent of People with Each Score
Percentile by Number Answered
Your Score History
You have not taken this quiz